Introduction to english law
محفوظ في:
| المؤلف الرئيسي: | |
|---|---|
| التنسيق: | كتاب |
| منشور في: |
Londo :
Butterworths.;
c 1989.
|
| الطبعة: | 12th ed. |
| الموضوعات: | |
| الوسوم: |
إضافة وسم
لا توجد وسوم, كن أول من يضع وسما على هذه التسجيلة!
|
MARC
| LEADER | 00000nam a2200000 4500 | ||
|---|---|---|---|
| 005 | 20251008081117.0 | ||
| 020 | |a 0406504210 |c TZS.77,000/= | ||
| 040 | |a MCCL |b eng. |e AACR 2nd rev.ed. | ||
| 082 | |a 342.2 JAM | ||
| 100 | |a James,Philip | ||
| 245 | |a Introduction to english law |c / Philip S. James | ||
| 250 | |a 12th ed. | ||
| 260 | |a Londo : |b Butterworths.; |c c 1989. | ||
| 300 | |a xxxviii,591 p. : |c 22 cm. | ||
| 504 | |a Includes index. | ||
| 546 | |a eng. | ||
| 650 | |a Administrative law | ||
| 650 | |a Criminal law | ||
| 650 | |a Succession | ||
| 700 | |a James,Philip | ||
| 942 | |c BK | ||
| 999 | |c 12292 |d 12292 | ||